[Event "Wiesbaden op 31st"]
[Site "Wiesbaden"]
[Date "2019.08.23"]
[Round "3"]
[White "Hedrich, Gerd Ernst"]
[Black "Donecker, Stefan"]
[Result "1-0"]
[WhiteElo "1472"]
[BlackElo "1722"]
[PlyCount "69"]
[EventDate "2019.08.22"]
[EventType "swiss"]
[EventRounds "7"]
[EventCountry "GER"]
[SourceTitle "EXT 2020"]
[Source "ChessBase"]
[SourceDate "2019.10.17"]
[SourceVersion "1"]
[SourceVersionDate "2019.10.17"]
[SourceQuality "1"]

1. Nf3 Nf6 2. d4 e6 3. c4 Bb4+ 4. Nc3 0-0 5. g3 b6 6. Bg2 Bb7 7. 0-0 Bxc3 8. bxc3 d6 9. Re1 c5 10. Bg5 Nbd7 11. e4 h6 12. Bxf6 Qxf6 13. e5 Qe7 14. exd6 Qxd6 15. dxc5 Qxd1 16. Raxd1 Nxc5 17. Nd4 Bxg2 18. Kxg2 Rfd8 19. Nb3 Nb7 20. Rd4 Kf8 21. f4 Rac8 22. Red1 Ke7 23. Kf3 Rxd4 24. Rxd4 Nd6 25. c5 bxc5 26. Ra4 Rc7 27. Nd2 f5 28. h3 g5 29. a3 Nb5 30. Nb1 Rd7 31. Ke3 Rd1 32. Nd2 gxf4+ 33. gxf4 Ra1 34. Nb3 c4 35. Nxa1 1-0

[Event "Wiesbaden op 30th"]
[Site "Wiesbaden"]
[Date "2018.08.24"]
[Round "3"]
[White "Baumgarten, Fred"]
[Black "Hedrich, Gerd Ernst"]
[Result "1-0"]
[WhiteElo "1721"]
[BlackElo "1497"]
[PlyCount "129"]
[EventDate "2018.08.23"]
[EventType "swiss"]
[EventRounds "7"]
[EventCountry "GER"]
[SourceTitle "CBM 186 Extra"]
[Source "ChessBase"]
[SourceDate "2018.08.24"]
[SourceVersion "1"]
[SourceVersionDate "2018.08.24"]
[SourceQuality "1"]

1. e4 c6 2. d4 d5 3. e5 Bf5 4. g4 Bg6 5. h4 h5 6. g5 e6 7. Nh3 Nd7 8. Nf4 Be4 9. f3 Bf5 10. Bd3 Bxd3 11. Qxd3 g6 12. b3 Ne7 13. Be3 Nf5 14. Bf2 c5 15. dxc5 Nxe5 16. Qb5+ Qd7 17. Qxd7+ Kxd7 18. Nd2 Bg7 19. 0-0-0 Rhd8 20. b4 a6 21. Ne2 Nc6 22. a3 Ncd4 23. Nxd4 Nxd4 24. Bxd4 Bxd4 25. Nc4 dxc4 26. Rxd4+ Kc6 27. Rxc4 Rd5 28. Rf4 Rf5 29. Rxf5 gxf5 30. Rd1 a5 31. Rd6+ Kc7 32. b5 Rd8 33. g6 fxg6 34. Rxe6 Rg8 35. Re7+ Kc8 36. c6 bxc6 37. bxc6 Rd8 38. Rg7 Rd6 39. c7 Rc6 40. Kd2 f4 41. Kd3 Re6 42. Kd4 Re3 43. c3 Rxf3 44. Rxg6 Kxc7 45. Rg5 Rg3 46. Rxa5 f3 47. Rxh5 f2 48. Rf5 Rh3 49. Rxf2 Rxh4+ 50. Kc5 Ra4 51. Ra2 Ra5+ 52. Kb4 Kb6 53. a4 Rc5 54. c4 Re5 55. Ra3 Ra5 56. Ra2 Re5 57. Rf2 Rc5 58. Rf6+ Rc6 59. Rxc6+ Kxc6 60. a5 Kb7 61. Kb5 Ka7 62. Kc6 Ka6 63. c5 Ka7 64. Kc7 Ka8 65. Kd7 1-0

[Event "Wiesbaden op 29th"]
[Site "Wiesbaden"]
[Date "2017.08.25"]
[Round "3"]
[White "Meyer Jany, Marcel"]
[Black "Hedrich, Gerd Ernst"]
[Result "1-0"]
[WhiteElo "1748"]
[BlackElo "1547"]
[PlyCount "92"]
[EventDate "2017.08.24"]
[EventType "swiss"]
[EventRounds "7"]
[EventCountry "GER"]
[SourceTitle "CBM 180 Extra"]
[Source "ChessBase"]
[SourceDate "2017.10.06"]
[SourceVersion "1"]
[SourceVersionDate "2017.10.06"]
[SourceQuality "1"]

1. d4 Nf6 2. c4 e6 3. Nc3 b6 4. e4 Bb4 5. f3 Bxc3+ 6. bxc3 0-0 7. Bg5 d6 8. Bd3 Nbd7 9. Qc2 e5 10. Ne2 Qe8 11. 0-0 Nh5 12. f4 f6 13. Bh4 g5 14. fxg5 fxg5 15. Bxg5 Qg6 16. Rxf8+ Nxf8 17. Qd2 Ne6 18. Be3 Nf6 19. Ng3 Ng7 20. Rf1 Bd7 21. Nf5 Nxf5 22. exf5 Qe8 23. Qf2 Kf7 24. Qh4 Qh8 25. Bg5 Rf8 26. Bxf6 Qxf6 27. Qxh7+ Ke8 28. Qg6+ Ke7 29. Qxf6+ Kxf6 30. h4 Rg8 31. Kf2 Rg4 32. g3 e4 33. Be2 Rg7 34. g4 Rh7 35. Rh1 c5 36. Ke3 cxd4+ 37. cxd4 b5 38. cxb5 d5 39. a4 Rh8 40. a5 Rb8 41. Kf4 Bxb5 42. Rb1 a6 43. Bxb5 Rb7 44. Bd3 Re7 45. Rb6+ Kf7 46. Bxa6 e3 1-0

[Event "Frankfurt-chA"]
[Site "Frankfurt"]
[Date "2017.05.08"]
[Round "3"]
[White "Stricker, Konstantin"]
[Black "Hedrich, Gerd Ernst"]
[Result "1-0"]
[WhiteElo "1660"]
[BlackElo "1443"]
[PlyCount "65"]
[EventDate "2017.04.24"]
[EventType "swiss"]
[EventRounds "7"]
[EventCountry "GER"]
[SourceTitle "EXT 2018"]
[Source "ChessBase"]
[SourceDate "2017.10.13"]
[SourceVersion "1"]
[SourceVersionDate "2017.10.13"]
[SourceQuality "1"]

1. e4 Nc6 2. Nf3 e5 3. Bb5 d6 4. d4 exd4 5. Nxd4 Bd7 6. Nxc6 bxc6 7. Bc4 g6 8. 0-0 Bg7 9. c3 Qe7 10. Re1 Nh6 11. h3 0-0 12. Bf4 Kh8 13. Nd2 Ng8 14. Nf3 Bh6 15. Qd4+ Bg7 16. Qd2 Be6 17. Ba6 Bc8 18. Bd3 a6 19. Rad1 Rd8 20. Nd4 Bd7 21. Bc2 c5 22. Nf3 Be6 23. a3 a5 24. Ng5 Rab8 25. Ba4 Bb3 26. Bxb3 Rxb3 27. Qd5 Bxc3 28. Qxb3 Bxe1 29. Nxf7+ Kg7 30. Nxd8 Bxf2+ 31. Kxf2 Qxd8 32. Qc3+ Nf6 33. Bg5 1-0